00475nam a2200193 a 4500001001300000003000900013005001700022008004100039020000800080082001500088100001600103245001100119260004700130300000800177500003500185505002200220650002300242700001600265nice12345678IN_TiNIC20260116011316.0050524s1910 lona grp 000 0 eng  ac000a297.8bSEL aSell, Canon aDruses aLondonbChristian Literature Societyc1910 a65p aincludes index and biblioraphy2 aAppendix, Indices aIslam-Sects-Druses1 aSell, Canon